<?xml version="1.0" encoding="UTF-8"?><marc:collection xmlns:marc="http://www.loc.gov/MARC21/slim">
  <marc:record>
    <marc:leader>00000nam##2200000za#4500</marc:leader>
    <marc:controlfield tag="001">9.639145</marc:controlfield>
    <marc:controlfield tag="003">CaOODSP</marc:controlfield>
    <marc:controlfield tag="005">20210624222022</marc:controlfield>
    <marc:controlfield tag="007">cr |||||||||||</marc:controlfield>
    <marc:controlfield tag="008">150407|2001||||xxc|||||o    f|0| 0 fre|d</marc:controlfield>
    <marc:datafield tag="040" ind1=" " ind2=" ">
      <marc:subfield code="a">CaOODSP</marc:subfield>
      <marc:subfield code="b">fre</marc:subfield>
    </marc:datafield>
    <marc:datafield tag="043" ind1=" " ind2=" ">
      <marc:subfield code="a">n-cn---</marc:subfield>
    </marc:datafield>
    <marc:datafield tag="086" ind1="1" ind2=" ">
      <marc:subfield code="a">En134-33/2001F-PDF</marc:subfield>
    </marc:datafield>
    <marc:datafield tag="110" ind1="2" ind2=" ">
      <marc:subfield code="a">Table ronde nationale sur l'environnement et l'économie (Canada)</marc:subfield>
    </marc:datafield>
    <marc:datafield tag="245" ind1="1" ind2="0">
      <marc:subfield code="a">Les collectivités autochtones et le développement des ressources non renouvelables </marc:subfield>
      <marc:subfield code="h">[ressource électronique]</marc:subfield>
    </marc:datafield>
    <marc:datafield tag="246" ind1="1" ind2=" ">
      <marc:subfield code="a">L'état du débat</marc:subfield>
    </marc:datafield>
    <marc:datafield tag="260" ind1=" " ind2=" ">
      <marc:subfield code="b">Table ronde nationale sur l'environnement et l'économie </marc:subfield>
      <marc:subfield code="c">[2001].</marc:subfield>
    </marc:datafield>
    <marc:datafield tag="300" ind1=" " ind2=" ">
      <marc:subfield code="a">136p.</marc:subfield>
      <marc:subfield code="b">carte en couleur, références, photographies</marc:subfield>
    </marc:datafield>
    <marc:datafield tag="500" ind1=" " ind2=" ">
      <marc:subfield code="a">«Les rapports de la nouvelle série de la TRNEE «L'État du débat» présentent une synthèse des résultats des consultations menées auprès des intervenants sur les débouches qui pourraient s'offrir au développement durable. Ils présentent également de manière sommaire l'ampleur du consensus et les motifs de divergence. Ils étudient en outre les conséquences de l'action ou de l'inaction, et préconisent des mesures précises que certains intervenants peuvent prendre pour promouvoir le développement durable.»--Mandat. Données de catalogage avant publication (Canada) sont imprimées sur cette publication. «Ce rapport, qui s'inspire des recherches et des consultations menées auprès des principaux acteurs dans les Territoires du Nord-Ouest, expose cinq domaines stratégiques importants dans lesquels ces acteurs pourraient intervenir pour veiller à ce que l'exploitation des ressources non renouvelables contribue à l'édification des collectivités autochtones durables au cours des 10 à 25 prochaines années.»--Préface.</marc:subfield>
    </marc:datafield>
    <marc:datafield tag="504" ind1=" " ind2=" ">
      <marc:subfield code="a">Bibliographie.</marc:subfield>
    </marc:datafield>
    <marc:datafield tag="520" ind1="3" ind2=" ">
      <marc:subfield code="a">Les rapports de la nouvelle série de la TRNEE L'État du débat présentent une synthèse des résultats des consultations menées auprès des intervenants sur les débouches qui pourraient s'offrir au développement durable. Ils présentent également de manière sommaire l'ampleur du consensus et les motifs de divergence. Ils étudient en outre les conséquences de l'action ou de l'inaction, et préconisent des mesures précises que certains intervenants peuvent prendre pour promouvoir le développement durable.--Mandat Ce rapport, qui s'inspire des recherches et des consultations menées auprès des principaux acteurs dans les Territoires du Nord-Ouest, expose cinq domaines stratégiques importants dans lesquels ces acteurs pourraient intervenir pour veiller à ce que l'exploitation des ressources non renouvelables contribue à l'édification des collectivités autochtones durables au cours des 10 à 25 prochaines années.--Préface</marc:subfield>
    </marc:datafield>
    <marc:datafield tag="590" ind1=" " ind2=" ">
      <marc:subfield code="a">11-17-Supp</marc:subfield>
      <marc:subfield code="b">2011-09-12</marc:subfield>
    </marc:datafield>
    <marc:datafield tag="691" ind1="0" ind2="7">
      <marc:subfield code="a">Industrie minière</marc:subfield>
      <marc:subfield code="2">gcpds</marc:subfield>
    </marc:datafield>
    <marc:datafield tag="691" ind1="0" ind2="7">
      <marc:subfield code="a">Politique gouvernementale</marc:subfield>
      <marc:subfield code="2">gcpds</marc:subfield>
    </marc:datafield>
    <marc:datafield tag="691" ind1="0" ind2="7">
      <marc:subfield code="a">Autochtones</marc:subfield>
      <marc:subfield code="2">gcpds</marc:subfield>
    </marc:datafield>
    <marc:datafield tag="775" ind1="0" ind2="8">
      <marc:subfield code="t">Aboriginal communities and non-renewable resource development </marc:subfield>
      <marc:subfield code="w">(CaOODSP)9.694984</marc:subfield>
    </marc:datafield>
    <marc:datafield tag="776" ind1="0" ind2="#">
      <marc:subfield code="t">Les collectivités autochtones et le développement des ressources non renouvelables : </marc:subfield>
      <marc:subfield code="w">(CaOODSP)9.681575</marc:subfield>
    </marc:datafield>
    <marc:datafield tag="856" ind1="4" ind2="0">
      <marc:subfield code="a">http://publications.gc.ca</marc:subfield>
      <marc:subfield code="q">PDF</marc:subfield>
      <marc:subfield code="s">6.02 Mo</marc:subfield>
      <marc:subfield code="u">https://publications.gc.ca/collections/Collection/En134-33-2001F.pdf</marc:subfield>
    </marc:datafield>
  </marc:record>
</marc:collection>
